<?xml version="1.0" encoding="UTF-8"?>
<collection xmlns="http://www.loc.gov/MARC21/slim">
 <record>
  <leader>01670nam a2200229Ia 4500</leader>
  <controlfield tag="001">TDMU_17340</controlfield>
  <controlfield tag="008">210410s9999    xx            000 0 und d</controlfield>
  <datafield tag="082" ind1=" " ind2=" ">
   <subfield code="a">540.3</subfield>
  </datafield>
  <datafield tag="090" ind1=" " ind2=" ">
   <subfield code="b">T550</subfield>
  </datafield>
  <datafield tag="100" ind1=" " ind2=" ">
   <subfield code="a">Nguyễn, Thạc Cát</subfield>
  </datafield>
  <datafield tag="245" ind1=" " ind2="0">
   <subfield code="a">Từ điển Hóa học và Công nghệ hóa học Anh - Việt</subfield>
  </datafield>
  <datafield tag="245" ind1=" " ind2="0">
   <subfield code="b">English -Vietnamese dictionary of chemistry and chemical technology</subfield>
  </datafield>
  <datafield tag="245" ind1=" " ind2="0">
   <subfield code="c">Nguyễn Thạc Cát (ch.b), Nguyễn Trọng Biểu, Đào Quí Chiệu...[và nh.ng.khác] (b.s); Nguyễn Kế Thế (b.t)</subfield>
  </datafield>
  <datafield tag="260" ind1=" " ind2=" ">
   <subfield code="a">H.</subfield>
  </datafield>
  <datafield tag="260" ind1=" " ind2=" ">
   <subfield code="b">Khoa học và Kỹ thuật</subfield>
  </datafield>
  <datafield tag="260" ind1=" " ind2=" ">
   <subfield code="c">1977</subfield>
  </datafield>
  <datafield tag="300" ind1=" " ind2=" ">
   <subfield code="a">545tr.</subfield>
  </datafield>
  <datafield tag="520" ind1=" " ind2=" ">
   <subfield code="a">Gồm khoảng 30.000 thuật ngữ trong các bộ môn: Hóa đại cương, hóa vô cơ, hóa lý, hóa phân tích, hóa sinh; công nghệ hóa học (các chất vô cơ, khí, cốc, các sẳn phẩm hóa học rừng, các thuốc nhuộm hữu cơ...); máy và thiết bị sản xuất hóa học; các nguyên liệu và thành phần hóa học. Ngoài ra, còn có các ngành hóa học hiện đại như: hóa học phóng xạ, cơ học lượng tử, nhiệt động học...</subfield>
  </datafield>
  <datafield tag="650" ind1=" " ind2=" ">
   <subfield code="a">Hóa học</subfield>
   <subfield code="v">Từ điển</subfield>
   <subfield code="x">Anh - Việt; Công nghệ hóa học</subfield>
   <subfield code="v">Từ điển</subfield>
   <subfield code="x">Anh - Việt; Từ điển chuyên ngành</subfield>
   <subfield code="x">Hóa học và Công nghệ hóa học</subfield>
   <subfield code="x">Anh - Việt</subfield>
  </datafield>
  <datafield tag="700" ind1=" " ind2=" ">
   <subfield code="a">Nguyễn, Trọng Biểu</subfield>
  </datafield>
  <datafield tag="856" ind1=" " ind2=" ">
   <subfield code="u">http://lrc.tdmu.edu.vn/opac/search/detail.asp?aID=2&amp;ID=17340</subfield>
  </datafield>
  <datafield tag="980" ind1=" " ind2=" ">
   <subfield code="a">Trung tâm Học liệu Trường Đại học Thủ Dầu Một</subfield>
  </datafield>
 </record>
</collection>
